British Oscar Winner Actors. - Statistics

General Stats
  • This quiz has been taken 760 times
    728 since last reset
  • The average score is 17 of 27
Answer Stats
Year Movie Category Answer % Correct
1990 My Left Foot Best Actor Daniel Day-Lewis
96%
2008 There Will Be Blood Best Actor Daniel Day-Lewis
96%
2013 Lincoln Best Actor Daniel Day-Lewis
96%
1992 The Silence of the Lambs Best Actor Sir Anthony Hopkins
96%
1983 Gandhi Best Actor Sir Ben Kingsley
93%
2011 The King's Speech Best Actor Colin Firth
92%
2015 The Theory of Everything Best Acor Eddie Redmayne
84%
1987 Hannah and Her Sisters Best Supporting Actor Sir Michael Caine
83%
2000 The Cider House Rules Best Supporting Actor Sir Michael Caine
83%
1949 Hamlet Best Actor Sir Laurence Olivier
81%
1958 The Bridge on the River Kwai Best Actor Sir Alec Guinness
70%
1965 My Fair Lady Best Actor Sir Rex Harrison
70%
1991 Reversal of Fortune Best Actor Jeremy Irons
62%
2011 The Fighter Best Supporting Actor Christian Bale
55%
2002 Iris Best Supporting Actor Jim Broadbent
52%
1959 Separate Tables Best Actor David Niven
51%
1982 Arthur Best Supporting Actor Sir John Gielgud
47%
1934 The Private Life of Henry VIII Best Actor Charles Laughton
44%
1967 A Man for All Seasons Best Actor Paul Scofield
44%
1961 Spartacus Best Supporting Actor Sir Peter Ustinov
43%
1965 Topkapi Best Supporting Actor Sir Peter Ustinov
43%
1940 Robert Donat Best Actor Robert Donat
42%
1971 Ryan's Daughter Best Supporting Actor John Mills
40%
1930 Disraeli Best Actor George Arliss
29%
1948 A Double Life Best Actor Ronald Colman
27%
1950 All About Eve Best Supporting Actor George Sanders
25%
1936 The Informer Best Actor Victor McLaglen
23%
No matching quizzes found
Score Distribution
Percent of People with Each Score
Percentile by Number Answered
Your Score History
You have not taken this quiz since the last reset